Normal view
MARC view
- Guide Name:Sahastrabuddhe Swati
Entry Personal Name
001 - CONTROL NUMBER
- control field: 209696
003 - CONTROL NUMBER IDENTIFIER
- control field: OSt
005 - DATE AND TIME OF LATEST TRANSACTION
- control field: 20250110171359.0
008 - FIXED-LENGTH DATA ELEMENTS
- fixed length control field: 250110|| aca||aabn | a|a d
040 ## - CATALOGING SOURCE
- Original cataloging agency: OSt
- Transcribing agency: OSt
100 ## - HEADING--PERSONAL NAME
- Personal name: Guide Name:Sahastrabuddhe Swati
670 ## - SOURCE DATA FOUND
- Source citation: Work cat.: (OSt)362886: Khutal V. 182049, Landscape Master Plan For National Fossil Park Mandla : Madhya Pradesh, 2009